Normal view
MARC view
- Ajesh Kumar V
Entry Personal Name
001 - CONTROL NUMBER
- control field: 3628
003 - CONTROL NUMBER IDENTIFIER
- control field: OSt
005 - DATE AND TIME OF LATEST TRANSACTION
- control field: 20181010111616.0
008 - FIXED-LENGTH DATA ELEMENTS
- fixed length control field: 181010|| aca||aabn | a|a d
040 ## - CATALOGING SOURCE
- Original cataloging agency: OSt
- Transcribing agency: OSt
100 ## - HEADING--PERSONAL NAME
- Personal name: Ajesh Kumar V
670 ## - SOURCE DATA FOUND
- Source citation: Work cat.: (OSt)15134: ABHISHEK S 3627, Improved design and installation of an economic rooftop rainwater harvesting system
